000 00414nam a22001697a 4500
003 NUST - PNEC
005 20170116181128.0
008 151003b xxu||||| |||| 00| 0 eng d
020 _a-
040 _cLIBRARY
082 _a940.45 PAD
100 _912765
_aPadfield, Peter
245 _aNelson's war
_cPeter Padfield
260 _cc.1976
650 _912766
_aGreat Britain
_xGeneral books
942 _2ddc
_cBK
999 _c69846
_d69846